01748cam a22002654i 4500003000900000005001700009008004100026035001900067040003300086082001700119100002700136245002200163264003400185300002800219336002100247337002500268338002300293505111600316526000901432526000901441526000801450526000801458526000801466526000801474PE-LiUPU20250731175631.0150625s r 000 0 d a(Sirsi) a30465 aPE-LiUPUbspacPE-LiUPUerda04a475bG912211 aGuillen, Jose,eautor.10aGramatica Latina. 1aEspaña :bSalamanca,c1981. a736 páginas ;c21 cm. atext2rdacontent aunmediated2rdamedia avolume2rdacarrier0 aPreliminares. - La lengua latina. - Divición de las sílabas. - Declinación de los sustantivos. - Irregularidades diversas. - Género de los sustantivos. - Por lo que significan. - por su terminación. - Declinación de los adjetivos. - Adjetivos de la primera clase. - Adjetivos de la segunda clase. - Adjetivos de la tercera clase. - Adjetivos defectivos. - Grados de adjetivo. - Numerales. - Del pronombre. - Conjugación. - Nociones previas. - El verbo auxiliar. - Conjugación regular. - Verbos activos. - Verbos pasivos. - Verbos deponentes. - Observaciones particulares sobre la conjugación. - Algunas formas arcaicas. - Conjugación perifrásica. - Conjugación irregular. - Verbos anómalos. - Verbos defectivos. - Verbos impersonales. - Pretéritos y supinos. - Verbos de la primera conjugación. - Verbos de la segunda conjugación. - Verbos de la tercera conjugación. - Verbos de la cuarta conjugación. - partículas invariables. - El adverbio, La preposición, la conjunción y la interjección. - El adverbio. - Preposición. - La conjunción. - La interjección. aP145 aP127 aP97 aP35 aP14 aP07